000 00602nam a2200205Ia 4500
003 OSt
005 20250917175225.0
008 210423s2001 xx 000 0 und d
040 _cAL
041 _aEnglish
082 _a305.4
_bNARE
100 _aSakuntala Narasimhan
_9109529
245 _aEmpowering women
_b: an alternative stratergy from rural india
260 _aNew Delhi
_bSage Publications
_c2001
365 _b225
_cINR
650 _aSociology
_9109530
650 _aWomen Studies
_9109531
906 _aalternative ; Empowering ; india ; rural ; stratergy ; women:an
942 _2ddc
_cBK
999 _c172582
_d172582